Vybrané otázky pracovného práva

Salvato in:
Dettagli Bibliografici
Autore principale: Filo, Jaroslav
Natura: Libro
Lingua:slovacco
Pubblicazione: Bratislava Vysoká škola ekonomická 1978
Tags: Aggiungi Tag
Nessun Tag, puoi essere il primo ad aggiungerne!!

MARC

LEADER 00000nam a2200000 4500
001 c120039
005 20250703092835.4
041 0 |a slo 
044 |a SK 
245 1 0 |a Vybrané otázky pracovného práva  |c Jaroslav Filo 
264 1 |a Bratislava  |b Vysoká škola ekonomická  |c 1978 
300 |a 40 s. 
100 1 |a Filo, Jaroslav